La sociedad en crisis y sus repercusiones en la vida universitaria.

Պահպանված է:
Մատենագիտական մանրամասներ
Հիմնական հեղինակ: Río de Icaza, Lorenza del (autor)
Ձևաչափ: Գիրք
Լեզու:իսպաներեն
Շարք:(Deslinde ; no. 72)
Խորագրեր:
Ցուցիչներ: Ավելացրեք ցուցիչ
Չկան պիտակներ, Եղեք առաջինը, ով նշում է այս գրառումը!

MARC

LEADER 00000cam^a2200000uu^4500
001 000491448
005 20250521000000.0
008 050901s1975^^^^^^^^^^^^rd^r^^000^0^spa^d
009 20260310125418.066
035 |a FCE 000034690 
035 |a FCE 005435 
037 |a Acervo ITESO - Biblioteca 
041 |a spa 
082 0 4 |a 378.008  |b DES 72-75 
100 |a Río de Icaza, Lorenza del  |e (autor) 
245 1 3 |a La sociedad en crisis y sus repercusiones en la vida universitaria. 
264 |a México :  |b UNAM,  |c 1975. 
300 |a 30 p. 
336 |a texto  |b txt  |2 rdacontenido 
337 |a sin mediación  |b n  |2 rdamedio 
338 |a volumen  |b nc  |2 rdasoporte 
440 0 |a (Deslinde ;  |v no. 72) 
649 |a XX 
650 |a Educación superior 
650 |a Desarrollo económico 
650 |a Planes y programas 
650 |a Relación universidad-sociedad 
650 |a Evaluación del docente 
650 |a América Latina 
910 |a Fondo Centro de Estudios Educativos 
920 |a Impresos - Libros 
930 |a Fondos Especiales 
905 |a 133 
901 |a ALE005435  |b IT2  |c CEE  |u 20250521 
901 |a ALE041094  |b IT2  |c CEE  |u 20250521 
902 |a https://opac.biblio.iteso.mx/vufind/Record/000491448